Topological foundations of electromagnetism : (Record no. 49742)
[ view plain ]
| 000 -LEADER | |
|---|---|
| fixed length control field | 02372cam a2200385 a 4500 |
| 003 - CONTROL NUMBER IDENTIFIER | |
| control field | WSP |
| 005 - DATE AND TIME OF LATEST TRANSACTION | |
| control field | 20260416153410.0 |
| 008 - FIXED-LENGTH DATA ELEMENTS--GENERAL INFORMATION | |
| fixed length control field | 080128s2022 si a ob 001 0 eng d |
| 020 ## - INTERNATIONAL STANDARD BOOK NUMBER | |
| International Standard Book Number | 9789811253300 |
| -- | (ebook) |
| 020 ## - INTERNATIONAL STANDARD BOOK NUMBER | |
| International Standard Book Number | 9811253307 |
| -- | (ebook) |
| 020 ## - INTERNATIONAL STANDARD BOOK NUMBER | |
| International Standard Book Number | 9789811253294 |
| -- | (hbk.) |
| 020 ## - INTERNATIONAL STANDARD BOOK NUMBER | |
| International Standard Book Number | 9811253293 |
| -- | (hbk.) |
| 072 #7 - SUBJECT CATEGORY CODE | |
| Subject category code | SCI |
| Subject category code subdivision | 022000 |
| Source | bisacsh |
| 072 #7 - SUBJECT CATEGORY CODE | |
| Subject category code | SCI |
| Subject category code subdivision | 040000 |
| Source | bisacsh |
| 072 #7 - SUBJECT CATEGORY CODE | |
| Subject category code | TEC |
| Subject category code subdivision | 041000 |
| Source | bisacsh |
| 082 00 - DEWEY DECIMAL CLASSIFICATION NUMBER | |
| Classification number | 537 |
| Edition number | 22 |
| 100 1# - MAIN ENTRY--PERSONAL NAME | |
| Personal name | Barrett, T. W. |
| 245 10 - TITLE STATEMENT | |
| Title | Topological foundations of electromagnetism : |
| Remainder of title | second edition / |
| Statement of responsibility, etc | Terence W. Barrett. |
| 260 ## - PUBLICATION, DISTRIBUTION, ETC. (IMPRINT) | |
| Place of publication, distribution, etc | Singapore : |
| Name of publisher, distributor, etc | World Scientific, |
| Date of publication, distribution, etc | 2022. |
| 300 ## - PHYSICAL DESCRIPTION | |
| Extent | 1 online resource (376 p.) : |
| Other physical details | ill. |
| 505 0# - FORMATTED CONTENTS NOTE | |
| Contents | Preface -- Electromagnetic phenomena not explained by Maxwell's equations -- Sagnac effect: a consequence of conservation of action due to gauge field global conformal invariance in a multiply-joined topology of coherent fields -- Topological approaches to electromagnetism -- Orthogonal signal spectrum overlay -- Polarization and axis modulated ultrawideband signal transmission -- Geometric (Clifford) algebra: transmission through disturbed media and transient wave states. |
| 520 1# - SUMMARY, ETC. | |
| Summary, etc | "The aims of the book are: (1) to extend Maxwell theory to non-Abelian group forms; (2) to demonstrate that the foundations of electromagnetism are topological; (3) to show the multi-disciplinary nature of communications; (4) to demonstrate the effectiveness of modulated signals in penetrating media; (5) to demonstrate that geometric (Clifford) algebra is the appropriate algebra describing modulated signals. The book is important in indicating that the classical theory of electromagnetism, or Maxwell theory, can be developed to address situations and signals of differing symmetry form, and that different topological spaces require that development"-- |
| 650 #0 - SUBJECT ADDED ENTRY--TOPICAL TERM | |
| Topical term or geographic name as entry element | Electromagnetism. |
| 856 40 - ELECTRONIC LOCATION AND ACCESS | |
| Uniform Resource Identifier | <a href="https://www.worldscientific.com/worldscibooks/10.1142/12755#t=toc">https://www.worldscientific.com/worldscibooks/10.1142/12755#t=toc</a> |
| 942 ## - ADDED ENTRY ELEMENTS (KOHA) | |
| Koha item type | Electronic Books |
| 100 1# - MAIN ENTRY--PERSONAL NAME | |
| Fuller form of name | (Terence William), |
| Dates associated with a name | 1939- |
| 504 ## - BIBLIOGRAPHY, ETC. NOTE | |
| Bibliography, etc | Includes bibliographical references and index. |
| 520 1# - SUMMARY, ETC. | |
| -- | Publisher's website. |
| 538 ## - SYSTEM DETAILS NOTE | |
| System details note | Mode of access: World Wide Web. |
| 538 ## - SYSTEM DETAILS NOTE | |
| System details note | System requirements: Adobe Acrobat reader. |
| 655 #0 - INDEX TERM--GENRE/FORM | |
| Genre/form data or focus term | Electronic books. |
| Withdrawn status | Lost status | Source of classification or shelving scheme | Damaged status | Not for loan | Home library | Location | Date of Cataloging | Total Checkouts | Full call number | Barcode | Date last seen | Uniform Resource Identifier | Price effective from | Koha item type |
|---|---|---|---|---|---|---|---|---|---|---|---|---|---|---|
| Dewey Decimal Classification | CUTN Central Library | CUTN Central Library | 16/04/2026 | 537 | EB05001 | 16/04/2026 | https://doi.org/10.1142/12755 | 16/04/2026 | Electronic Books |
